[Event "39th Open"]
[Site "Mislata ESP"]
[Date "2005.08.20"]
[Round "3"]
[White "Megias Chafer,A"]
[Black "Pallardo Lozoya,J"]
[Result "1-0"]
[WhiteElo "2111"]
[BlackElo "2278"]

1.e4 e6 2.d4 d5 3.Nd2 Be7 4.Ngf3 Nf6 5.Bd3 c5 6.dxc5 Nc6 7.exd5 Qxd5 8.O-O Qxc5
9.Nb3 Qd5 10.Qe2 O-O 11.Bg5 h6 12.Bh4 Qh5 13.Rad1 b6 14.Bxf6 Bxf6 15.Qe4 Rd8
16.Qxc6 Rb8 17.Qb5 g5 18.Be4 Rf8 19.Nfd4 Bg7 20.Qe2 g4 21.f3 g3 22.hxg3 f5
23.Bd3 e5 24.Nc6 Rb7 25.f4 Qxe2 26.Bxe2 e4 27.c3 Rc7 28.Nb4 Be6 29.Rd6 Kf7
30.Rfd1 Bc8 31.Rd8 Rxd8 32.Rxd8 Ke7 33.Rd1 Kf8 34.Nd4 Rc5 35.Nb5 a5 36.Nc2 Ba6
37.Nbd4 Bxe2 38.Nxe2 b5 39.a3 Ke7 40.Ne3 Ke6 41.Nd4+ Bxd4 42.Rxd4 h5 43.Kf2 b4
44.axb4 Rb5 45.Nc2 Rb8 46.Rc4 Kd6 47.Nd4 axb4 48.Nxf5+ Ke6 49.Nd4+ Kd5 50.Rxb4 Rxb4
51.cxb4 Kxd4 52.b5 Kd3 53.Ke1  1-0

[Event "ch-AUT Qualifier"]
[Site "Gmunden AUT"]
[Date "2005.08.21"]
[Round "9"]
[White "Sandhoefner,F"]
[Black "Kirschner,A"]
[Result "0-1"]
[WhiteElo "2322"]
[BlackElo "2202"]

1.e4 e6 2.d4 d5 3.Nd2 Be7 4.e5 c5 5.Qg4 Kf8 6.dxc5 h5 7.Qf4 Nh6 8.Nb3 Nd7
9.Nf3 Nxc5 10.h3 Nf5 11.Nxc5 Bxc5 12.Bd3 g6 13.O-O a5 14.g3 Bd7 15.b3 Qe7
16.a4 Bb4 17.Bb2 Rc8 18.Kg2 Rg8 19.Ng5 Bc3 20.Bxc3 Rxc3 21.g4 hxg4 22.hxg4 Nh4+
23.Kg3 Nf5+ 24.Kf3 Nh4+ 25.Ke2 Ng2 26.Qd2 Qb4 27.f4 Rh8 28.Kd1 Qd4 29.Nf3 Ne3+
30.Ke2 Nxf1 31.Nxd4 Nxd2 32.Kxd2 Rc8 33.g5 Rh2+ 34.Ke3 Ke7 35.Rf1 Rch8 36.Rf2 R2h3+
37.Rf3 Kd8 38.Rxh3 Rxh3+ 39.Kd2 Rh4 40.Ke3 Rh2 41.c3 Kc7 42.Kf3 Rh3+ 43.Ke2 Rh8
44.Ke3 Rc8 45.Kd2 Kd8 46.Be2 Ke7 47.Bd3 Ra8 48.Ke3 b6 49.Kd2 Bc8 50.Nc6+ Ke8
51.Nd4 Ba6 52.Bc2 Kd7 53.Bb1 Rh8 54.Bc2 Rh1 55.b4 Bc4 56.b5 Ba2 57.Bd1 Rf1
58.Bf3 Bc4  0-1

[Event "Masters"]
[Site "Abu Dhabi UAE"]
[Date "2005.08.22"]
[Round "8"]
[White "Himdan,M"]
[Black "Volkov,S1"]
[Result "0-1"]
[WhiteElo "2337"]
[BlackElo "2622"]

1.e4 e6 2.d4 d5 3.Nd2 a6 4.c3 c5 5.dxc5 Bxc5 6.Nb3 Ba7 7.exd5 Nf6 8.Nf3 Ng4
9.Nfd4 e5 10.f3 O-O 11.fxg4 exd4 12.Nxd4 Re8+ 13.Kf2 Qf6+ 14.Qf3 Bxd4+ 15.cxd4 Qxd4+
16.Be3 Qxb2+ 17.Be2 Nd7  0-1

[Event "25th Open"]
[Site "Bratto ITA"]
[Date "2005.08.22"]
[Round "3"]
[White "Bellia,F"]
[Black "Drasko,M"]
[Result "1/2-1/2"]
[WhiteElo "2375"]
[BlackElo "2516"]

1.e4 e6 2.d4 d5 3.Nd2 Be7 4.Ngf3 Nf6 5.e5 Nfd7 6.Bd3 c5 7.c3 b6 8.Qe2 a5
9.O-O Ba6 10.Ne1 cxd4 11.cxd4 Qc8 12.Qg4 O-O 13.Ndf3 f5 14.Qg3 Nc6 15.Bh6 Rf7
16.Rc1 Ndb8 17.a3 a4  1/2-1/2

[Event "2nd Open Fincas Mediterranea"]
[Site "Castelldefels ESP"]
[Date "2005.08.22"]
[Round "6"]
[White "Rios Torondell,J"]
[Black "Crickmore,N"]
[Result "0-1"]
[WhiteElo "2037"]
[BlackElo "2129"]

1.e4 e6 2.d4 d5 3.Nd2 Be7 4.Ngf3 Nf6 5.Bd3 c5 6.e5 Nfd7 7.c3 Nc6 8.O-O a5
9.Re1 cxd4 10.cxd4 Qb6 11.Qb3 a4 12.Qxb6 Nxb6 13.a3 Na5 14.Rb1 Bd7 15.Nf1 O-O
16.Bg5 f6 17.exf6 gxf6 18.Bf4 Rfc8 19.Ne3 Nac4 20.Nf5 Bf8 21.Ng3 Bg7 22.Nh5 Bh8
23.Bg3 Be8 24.Bxc4 Bxh5 25.Be2 Bg6 26.Rbc1 Bg7 27.Bb5 Bf7 28.Rc7 Rxc7 29.Bxc7 Nc4
30.Bd7 Nxb2 31.Bxe6 Bf8 32.Bd7 Bxa3 33.Rb1 Nc4 34.Ra1 Kg7 35.Bb5 Rc8 36.Bf4 Bd6
37.Bxd6 Nxd6 38.Bd7 Rc7 39.Bxa4 b5 40.Bd1 Bg6 41.Be2 Rc2 42.Kf1 b4 43.Ra7+ Kh6
44.Ra1 b3 45.Bd1 b2 46.Rb1 Rxf2+ 47.Kxf2 Bxb1  0-1

[Event "Rudenko mem"]
[Site "St Petersburg RUS"]
[Date "2005.08.23"]
[Round "4"]
[White "Bronnikova,E"]
[Black "Miednikova,S"]
[Result "1/2-1/2"]
[WhiteElo "2268"]
[BlackElo "2169"]

1.e4 e6 2.d4 d5 3.Nd2 Nc6 4.c3 e5 5.Bb5 exd4 6.cxd4 Bd7 7.Ne2 dxe4 8.Nxe4 Bb4+
9.N4c3 Nf6 10.O-O O-O 11.Bg5 Be7 12.a3 Nd5 13.Bd2 Nxc3 14.bxc3 Bd6 15.Bd3 Qh4
16.Ng3 Ne7 17.Qc1 h6 18.f4 f5 19.c4 c5 20.d5 Ng6 21.a4 Rae8 22.Ra3 Qd8 23.a5 Qc7
24.Nh5 Rf7 25.Bc3 Bf8 26.Ba1 Bc8 27.Bb1 Rfe7 28.Rg3 Kh7 29.Qc3 Re2 30.Nf6+ gxf6
31.Qxf6 Qg7 32.Rxg6 Qxf6 33.Rxf6 Bg7 34.Rf7 R8e7 35.Rxe7 Rxe7 36.Bxg7 Kxg7
37.Kf2 b6 38.Bd3 Kf6 39.axb6 axb6 40.Rb1 Rb7 41.Kg3 Bd7 42.h3 Rb8 43.Kf3 h5
44.Ra1 Rb7 45.Ra6 h4 46.g4 hxg3 47.Kxg3 Kf7 48.Kh4 b5 49.Kg5 b4 50.Ra5 b3
51.Rxc5 b2 52.Bb1 Ra7 53.Bc2 Rb7 54.Bb1 Ra7 55.Bc2 Rb7  1/2-1/2

[Event "2nd Open Fincas Mediterranea"]
[Site "Castelldefels ESP"]
[Date "2005.08.24"]
[Round "8"]
[White "Ferrandiz Iserte,A"]
[Black "Colom Andres,X"]
[Result "0-1"]
[WhiteElo "1820"]
[BlackElo "2090"]

1.e4 e6 2.d4 d5 3.Nd2 Be7 4.Ndf3 Nf6 5.Bd3 c5 6.e5 Nfd7 7.c3 Nc6 8.b3 f6
9.exf6 Bxf6 10.Qc2 cxd4 11.Bxh7 Qe7 12.cxd4 Nxd4 13.Nxd4 Bxd4 14.Rb1 Bxf2+
15.Ke2 Bd4 16.Nf3 Bf6 17.Bg6+ Kd8 18.Be3 e5 19.Rbc1 Qd6 20.Kf2 e4 21.Nd4 Bxd4
22.Bxd4 Qxg6 23.Qc7+ Ke8 24.Qxc8+ Rxc8 25.Rxc8+ Ke7 26.Rxh8 Qg5 27.Rd1 Qf4+
28.Kg1 e3 29.Bxa7 Qf2+ 30.Kh1 e2 31.Rg1 Qxg1+  0-1

[Event "2nd Open Fincas Mediterranea"]
[Site "Castelldefels ESP"]
[Date "2005.08.25"]
[Round "9"]
[White "Nisipeanu,LD"]
[Black "Crickmore,N"]
[Result "1-0"]
[WhiteElo "2679"]
[BlackElo "2129"]

1.e4 e6 2.d4 d5 3.Nd2 Be7 4.Ngf3 Nf6 5.e5 Nfd7 6.Bd3 c5 7.O-O Nc6 8.c3 a5
9.Re1 cxd4 10.cxd4 Qb6 11.Nb1 Nxd4 12.Nxd4 Qxd4 13.Nc3 Bc5 14.Be3 Qh4 15.Bxc5 Nxc5
16.Rc1 Nxd3 17.Qxd3 O-O 18.Nb5 Bd7 19.Nd6 Bc6 20.Re3 Qh6 21.Rce1 Rad8 22.Rh3 Qg6
23.Qd2 f6 24.Rg3 Qh5 25.f4 a4 26.Rh3 Qg6 27.Rg3 Qh6 28.Rh3 Qg6 29.Rg3 Qh6
30.Rh3 Qg6 31.f5 exf5 32.Rg3 Qh5 33.e6 Rxd6 34.Qb4 Rfd8 35.e7  1-0

[Event "41st Rubinstein Mem Open A"]
[Site "Polanica Zdroj POL"]
[Date "2005.08.26"]
[Round "8"]
[White "Maciejewski,M"]
[Black "Orzechowski,J"]
[Result "1/2-1/2"]
[WhiteElo "2323"]
[BlackElo "2235"]

1.e4 e6 2.d4 d5 3.Nd2 Nc6 4.Ngf3 Nf6 5.e5 Nd7 6.Bd3 f6 7.c4 fxe5 8.cxd5 exd5
9.dxe5 Ndxe5 10.Nxe5 Nxe5 11.Qh5+ Nf7 12.O-O g6 13.Qe2+ Be7 14.f4 O-O 15.Nf3 c5
16.Bd2 c4 17.Bc2 Bc5+ 18.Kh1 Bg4 19.h3 Re8 20.Qd1 Be6 21.Bc3 Nd6 22.Ng5 Nf5
23.Qg4 h5 24.Qf3 Nh4 25.Qd1 d4 26.Be1 Nf5 27.Nxe6 Rxe6 28.Bxf5 gxf5 29.Qxh5 Qf6
30.Rf3 Qg6 31.Rg3 Rxe1+ 32.Rxe1 Qxg3 33.Re6  1/2-1/2

[Event "VII Sants Open"]
[Site "Barcelona ESP"]
[Date "2005.08.28"]
[Round "3"]
[White "Ledger,A"]
[Black "Almeida Toledano,D"]
[Result "1/2-1/2"]
[WhiteElo "2438"]
[BlackElo "2163"]

1.e4 e6 2.d4 d5 3.Nd2 Be7 4.e5 c5 5.Qg4 g6 6.dxc5 Nc6 7.Ngf3 Qc7 8.Bb5 Bxc5
9.Nb3 Bb6 10.Qf4 Bd7 11.O-O h6 12.h4 Nge7 13.a4 a6 14.Bxc6 Bxc6 15.Be3 Nf5
16.Bxb6 Qxb6 17.a5 Qc7 18.Nbd4 O-O-O 19.Ra3 g5 20.Qd2 Nxh4 21.Nxh4 gxh4 22.Nxc6 bxc6
23.Qe2 Kd7 24.f4 f6 25.Qh5 Rdf8 26.exf6 Rxf6 27.Qxh4 Rhf8 28.Rb3 Rxf4 29.Rxf4 Qxf4
30.Rb7+ Kc8 31.Qe7 Qf2+ 32.Kh1  1/2-1/2

[Event "49th TCh-ESP Honor 2"]
[Site "Sant Lluis ESP"]
[Date "2005.08.31"]
[Round "1"]
[White "Arizmendi Martinez,J"]
[Black "Herraiz Hidalgo,H"]
[Result "1-0"]
[WhiteElo "2504"]
[BlackElo "2471"]

1.e4 e6 2.d4 d5 3.Nd2 Be7 4.Ngf3 Nf6 5.e5 Nfd7 6.Bd3 c5 7.c3 Nc6 8.O-O g5
9.dxc5 Nxc5 10.Bb5 Qb6 11.Nd4 a6 12.Bxc6+ bxc6 13.b4 Nd7 14.Qh5 Nxe5 15.N2f3 Ng6
16.Bxg5 Bxg5 17.Nxg5 c5 18.bxc5 Qxc5 19.f4 Ra7 20.Ne4 Qc7 21.Nf6+ Ke7 22.f5 Qxc3
23.Rad1 Qe3+ 24.Kh1 Kxf6 25.fxe6+ Nf4 26.Qf5+  1-0

[Event "Open A"]
[Site "Trieste ITA"]
[Date "2005.09.06"]
[Round "5"]
[White "Videki,S"]
[Black "Drazic,S"]
[Result "1/2-1/2"]
[WhiteElo "2394"]
[BlackElo "2497"]

1.e4 e6 2.d4 d5 3.Nd2 a6 4.Ngf3 c5 5.dxc5 Bxc5 6.Bd3 Nc6 7.c3 Nge7 8.Qe2 Ba7
9.Nb3 O-O 10.Be3 dxe4 11.Bxe4 Bxe3 12.Qxe3 e5 13.O-O Qc7 14.Rfe1 f6 15.Qd3 h6
16.Qc4+ Kh8 17.Rad1 b5 18.Qc5 Bf5 19.Bxf5 Nxf5 20.Nbd4 Nfxd4 21.cxd4 Rfc8
22.Rc1 Qd8 23.dxe5 Nxe5 24.Qe3 Rxc1 25.Rxc1 Nc4 26.Qe2 Qe8 27.Qxe8+ Rxe8
28.b3 Ne5 29.Nxe5 Rxe5 30.Kf1 b4 31.Rc4 a5 32.f4 Rd5 33.Ke2 Kh7 34.Rc7 h5
35.g3 Kg6 36.h3 h4 37.g4 a4 38.Rc4 axb3 39.axb3 Ra5 40.Rxb4 Ra2+ 41.Kd3 Rh2
42.Re4 Rxh3+ 43.Re3 Rh1 44.b4 h3 45.Ke4 h2 46.Re2 Kf7 47.b5 Ke6 48.b6 Rb1
49.Rxh2 Rxb6 50.Rd2 Rb3 51.f5+ Kf7 52.Rd7+ Kg8 53.Kf4 Kh7 54.Rd8 Rb4+ 55.Kg3 Rb3+
56.Kf4  1/2-1/2

[Event "Open A"]
[Site "Trieste ITA"]
[Date "2005.09.08"]
[Round "7"]
[White "Tonel,G"]
[Black "Samuelli,D"]
[Result "1-0"]
[WhiteElo "1793"]
[BlackElo "1986"]

1.e4 e6 2.d4 d5 3.Nd2 Be7 4.c3 Nf6 5.e5 Nfd7 6.Bd3 c5 7.Ne2 Qb6 8.Nf3 f6
9.exf6 Bxf6 10.O-O O-O 11.Re1 e5 12.dxe5 Nxe5 13.Nxe5 Bxe5 14.Bc2 Qd6 15.Ng3 Nc6
16.Qd3 g6 17.Bh6 Bf5 18.Bxf8 Rxf8 19.Qd2 Bf4 20.Qe2 Bxc2 21.Qxc2 d4 22.Rad1 b6
23.Qe4 Be5 24.Qd3 Qf6 25.Ne4 Qf7 26.Qb5 Qc7 27.g3 Bg7 28.Ng5 Rc8 29.Qc4+ Kh8
30.Nf7+ Kg8 31.Nd8+ Kh8 32.Re8+ Bf8 33.Rxf8+  1-0

[Event "Autumn 1"]
[Site "Alushta UKR"]
[Date "2005.09.09"]
[Round "9"]
[White "Zinchenko,Ya"]
[Black "Chuprikov,D"]
[Result "1-0"]
[WhiteElo "2493"]
[BlackElo "2416"]

1.e4 e6 2.d4 d5 3.Nd2 Be7 4.Bd3 c5 5.dxc5 Nf6 6.Qe2 a5 7.Ngf3 a4 8.O-O Nc6
9.a3 O-O 10.c4 Bxc5 11.e5 Nd7 12.b4 axb3 13.Nxb3 Be7 14.Rd1 Nb6 15.cxd5 exd5
16.Nfd4 Nxd4 17.Nxd4 Nc4 18.a4 Ra6 19.Bf4 Bd7 20.Nb5 Qb6 21.Bxc4  1-0

[Event "Open A"]
[Site "Trieste ITA"]
[Date "2005.09.09"]
[Round "8"]
[White "Loncar,R"]
[Black "Efimov,I"]
[Result "0-1"]
[WhiteElo "2390"]
[BlackElo "2401"]

1.d4 e6 2.e4 d5 3.Nd2 Be7 4.Ngf3 Nf6 5.e5 Nfd7 6.c3 c5 7.Bd3 Nc6 8.O-O g5
9.dxc5 g4 10.Nd4 Ncxe5 11.Be2 Nxc5 12.Bxg4 Bd7 13.Bh3 Qc7 14.Qh5 Ng6 15.g3 O-O-O
16.N2f3 Rdg8 17.Bg2 Ne4 18.Ng5 Nf6 19.Qe2 Rg7 20.Nb5 Qe5 21.Be3 a6 22.Nd4 h6
23.Ngf3 Qh5 24.c4 e5 25.Nb3 d4 26.Bd2 Bg4 27.h3 Bxh3 28.Bxh3+ Qxh3 29.Rfe1 e4
30.Nbxd4 exf3 31.Qxf3 Nh4 32.Qh1 Rxg3+ 33.fxg3 Qxg3+ 34.Kf1 Bc5 35.Re3 Qf4+
36.Rf3 Qxd4 37.Qh3+ Ng4 38.Rf4 Qg1+ 39.Ke2 Re8+ 40.Kd3 Qxa1 41.Qxg4+ f5  0-1

[Event "FSIMA September"]
[Site "Budapest HUN"]
[Date "2005.09.10"]
[Round "8"]
[White "Hoang Thi Bao Tram"]
[Black "Fodor,T jr"]
[Result "0-1"]
[WhiteElo "2267"]
[BlackElo "2262"]

1.e4 e6 2.d4 d5 3.Nd2 Be7 4.Ngf3 Nf6 5.e5 Nfd7 6.Bd3 c5 7.c3 Nc6 8.b3 Qc7
9.O-O f6 10.exf6 Nxf6 11.Re1 O-O 12.Nf1 Bd6 13.Bg5 h6 14.Bxf6 Rxf6 15.Qe2 Bd7
16.Ne3 cxd4 17.cxd4 Raf8 18.Rad1 Kh8 19.Bb1 h5 20.Ng5 Be8 21.Nf1 e5 22.dxe5 Nxe5
23.Rxd5 Rxf2 24.Qd1 Bc5 25.Kh1 Ng4 26.Nf3 R2xf3 27.Qxf3 Rxf3 28.gxf3 Nf6
29.Ng3 Kg8 30.Rdd1 Bf2 31.Rxe8+ Nxe8 32.Ne4 Bb6 33.Bd3 Qe5 34.Bc4+ Kh7 35.Rd5 Qa1+
36.Kg2 Kh6 37.Rd2 Nf6 38.Nd6 Kg5 39.Bf1 h4 40.Bc4 Kf4 41.Nf7 Qg1+ 42.Kh3 Ng4  0-1

[Event "FSGM September"]
[Site "Budapest HUN"]
[Date "2005.09.12"]
[Round "10"]
[White "Sakelsek,T"]
[Black "Pitl,G"]
[Result "1-0"]
[WhiteElo "2390"]
[BlackElo "2332"]

1.e4 e6 2.d4 d5 3.Nd2 Nc6 4.Ngf3 Nf6 5.e5 Nd7 6.Bb5 a6 7.Ba4 Be7 8.c3 O-O
9.Qe2 Qe8 10.Bc2 f5 11.Nf1 a5 12.h4 Rf7 13.g4 Nf8 14.gxf5 exf5 15.Ne3 Be6
16.Ng2 a4 17.Nf4 Na5 18.b4 Nc4 19.Bd3 Qc6 20.Rb1 Na3 21.b5 Qxc3+ 22.Bd2 Nxb1
23.Bxc3 Nxc3 24.Qc2 Ne4 25.Ke2 Bd8 26.Rg1 Kh8 27.Nh3 Rd7 28.Nf4 Rf7 29.Ke3 Rd7
30.Ng5 Nxg5 31.hxg5 g6 32.Be2 Bg8 33.Nd3 Ne6 34.f4 Be7 35.Bf3 Ra5 36.Rb1 Kg7
37.Qc3 Ra8 38.Nb4 Nd8 39.Nc6 Bf8 40.Nxd8 Raxd8 41.Qa5 a3 42.Rc1 Be6 43.Rxc7 Rxc7
44.Qxc7+ Rd7 45.Qb8 Rf7 46.Bd1 h6 47.gxh6+ Kxh6 48.Bb3 Kg7 49.b6 Bb4 50.Ba4 Re7
51.Qa8 Rf7 52.Be8 Re7 53.Bc6  1-0

[Event "ProMoPro Open"]
[Site "Prague CZE"]
[Date "2005.09.15"]
[Round "1"]
[White "Zalsky,P"]
[Black "Srba,M"]
[Result "0-1"]
[WhiteElo "1976"]
[BlackElo "2222"]

1.e4 e6 2.d4 d5 3.Nd2 Nc6 4.Ngf3 Nf6 5.e5 Nd7 6.c3 f6 7.exf6 Qxf6 8.Be2 Bd6
9.Nf1 O-O 10.Ng3 Qf7 11.O-O h6 12.Nh4 g5 13.Bh5 Qg7 14.Ng6 Rf6 15.f4 Rxg6
16.Bxg6 Qxg6 17.fxg5 Bxg3 18.hxg3 hxg5 19.Qf3 g4 20.Qd1 e5 21.dxe5 Ndxe5
22.Bf4 Nd3 23.Qd2 Bf5 24.Bh6 Be4 25.Bg5 Nce5 26.Rf6 Qg7 27.b3 Nd7 28.Rh6 Rf8
29.Rf1 Rxf1+ 30.Kxf1 N3e5 31.Rh4 Nf8 32.Kg1 Nfg6 33.Bh6 Nxh4 34.Bxg7 Nef3+
35.Kf2 Nxd2 36.Bh6 Nxb3 37.axb3 Nxg2 38.Bg5 Kf7 39.Bd8 c6 40.Bc7 Ke6 41.Bb8 a6
42.b4 Kd7 43.Ba7 Kc7 44.Bd4 b6 45.Ke2 a5  0-1

[Event "ProMoPro Open"]
[Site "Prague CZE"]
[Date "2005.09.17"]
[Round "3"]
[White "Hausner,I"]
[Black "Srba,M"]
[Result "1-0"]
[WhiteElo "2432"]
[BlackElo "2222"]

1.d4 e6 2.e4 d5 3.Nd2 Nc6 4.Ngf3 Nf6 5.e5 Nd7 6.c3 f6 7.Nh4 Qe7 8.Qh5+ Qf7
9.Qxf7+ Kxf7 10.f4 g5 11.Nhf3 gxf4 12.exf6 Kxf6 13.Be2 e5 14.O-O e4 15.Ne1 Bd6
16.Nb3 Kf5 17.Nc2 Nf6 18.Bxf4 Bxf4 19.g3 Kg6 20.Rxf4 b6 21.Raf1 Rf8 22.Ne3 Be6
23.Na1 Rf7 24.Nac2 Raf8 25.Ng2 Ne7 26.R4f2 Bc8 27.Nce3 c6 28.Nf4+ Kh6 29.b4 Nf5
30.Nfg2 Nxe3 31.Nxe3 Bh3 32.Rb1 Kg5 33.Rf4 h5 34.Rb2 Ng4 35.Bxg4 Bxg4 36.Rbf2 Bf3
37.h4+ Kg6 38.Rxf7 Kxf7 39.a4 Ke6 40.Ra2 c5 41.a5 Kd6 42.axb6 axb6 43.bxc5+ bxc5
44.Ra6+ Kd7 45.dxc5 Rc8 46.Rd6+ Ke8 47.c6 Ra8 48.Nxd5 e3 49.Nc7+  1-0

[Event "4NCL 2006-07"]
[Site "Sunningdale ENG"]
[Date "2005.09.17"]
[Round "2"]
[White "Ferguson,M"]
[Black "Anderton,D"]
[Result "1/2-1/2"]
[WhiteElo "2389"]
[BlackElo "2266"]

1.e4 e6 2.d4 d5 3.Nd2 Be7 4.e5 c5 5.Qg4 g6 6.dxc5 Nd7 7.Bb5 Qc7 8.Ngf3 Qxc5
9.Bxd7+ Bxd7 10.c3 Bf8 11.O-O Bg7 12.Nb3 Qc7 13.Be3 b6 14.a4 Ne7 15.a5 O-O
16.Rfe1 Nc6 17.axb6 axb6 18.Bf4 Rxa1 19.Nxa1 Ra8 20.Nb3 Ra2 21.Nbd4 Rxb2
22.Nxc6 Bxc6 23.Qh4 Qc8 24.Bh6 Bxh6 25.Qxh6 Qf8 26.Qc1 Ra2 27.h4 Qc5  1/2-1/2

[Event "ch-Arab"]
[Site "Dubai UAE"]
[Date "2005.09.19"]
[Round "8"]
[White "Bengafer,M"]
[Black "Hassan,Ab"]
[Result "1/2-1/2"]
[WhiteElo "2247"]
[BlackElo "2341"]

1.e4 e6 2.d4 d5 3.Nd2 Be7 4.e5 c5 5.Qg4 Kf8 6.dxc5 Nc6 7.Qg3 h5 8.Nb3 h4
9.Qe3 Qc7 10.f4 Na5 11.Bd2 Nxb3 12.Qxb3 Bxc5 13.O-O-O Ne7  1/2-1/2

[Event "EYb14"]
[Site "Herceg Novi SCG"]
[Date "2005.09.22"]
[Round "8"]
[White "Khandelwal,A"]
[Black "Szabo,Le"]
[Result "1-0"]
[WhiteElo "1964"]
[BlackElo "2128"]

1.e4 e6 2.d4 d5 3.Nd2 Nc6 4.Ngf3 Nf6 5.e5 Nd7 6.c3 f6 7.Nh4 g6 8.Qg4 fxe5
9.Nxg6 hxg6 10.Qxg6+ Ke7 11.Ne4 dxe4 12.Bg5+ Kd6 13.Bxd8 Nxd8 14.dxe5+ Kc6
15.Qxe4+ Kb6 16.Rd1 Nc6 17.b4 Bh6 18.f4  1-0

[Event "Geller mem Open A"]
[Site "Odessa UKR"]
[Date "2005.09.23"]
[Round "9"]
[White "Voicu,C"]
[Black "Pichugin,Al"]
[Result "1/2-1/2"]
[WhiteElo "2263"]
[BlackElo "2385"]

1.e4 e6 2.d4 d5 3.Nd2 a6 4.Ngf3 c5 5.c3 cxd4 6.cxd4 dxe4 7.Nxe4 Nc6 8.Bd3 Be7
9.a3 Nf6 10.O-O O-O 11.Bc2 b6 12.Nxf6+ Bxf6 13.Bxh7+ Kxh7 14.Qc2+ Kg8 15.Qxc6 Ra7
16.Qc4 b5 17.Qe2 Bb7 18.Be3 Bxf3 19.Qxf3 Bxd4  1/2-1/2

[Event "Open A"]
[Site "Hamburg GER"]
[Date "2005.10.01"]
[Round "1"]
[White "Schroeder,K"]
[Black "Tochtrop,M"]
[Result "0-1"]
[WhiteElo "2051"]
[BlackElo "2154"]

1.e4 e6 2.d4 d5 3.Nd2 Nc6 4.c3 e5 5.dxe5 Nxe5 6.Ngf3 Nxf3+ 7.Qxf3 Be6 8.Nb3 Nf6
9.e5 Nd7 10.Qg3 c5 11.Be2 Qc7 12.f4 h5 13.Be3 g6 14.Qf2 Be7 15.Bf3 a5 16.O-O a4
17.Nd2 c4 18.b3 cxb3 19.axb3 Nc5 20.Bd4 b5 21.bxa4 Rxa4 22.Qe2 Qd7 23.Rfb1 O-O
24.Qd1 Bf5 25.Rxa4 bxa4 26.Ra1 Rb8 27.h3 h4 28.Kh2 Nb3 29.Ra2 Nxd4 30.cxd4 Rb4
31.Nf1 Qb5 32.Ne3 Be6 33.Be2 Qa5 34.Qd2 Qb6 35.Nc2 Rb2 36.Ra1 Bf5 37.Bd3 Qb3
38.Bxf5 gxf5 39.Qa5 Qxc2  0-1

[Event "FSGM October"]
[Site "Budapest HUN"]
[Date "2005.10.03"]
[Round "3"]
[White "Czebe,A"]
[Black "Kallio,H"]
[Result "1/2-1/2"]
[WhiteElo "2497"]
[BlackElo "2501"]

1.e4 e6 2.d4 d5 3.Nd2 Be7 4.Ngf3 Nf6 5.e5 Nfd7 6.Bd3 c5 7.O-O Nc6 8.Re1 c4
9.Be2 b5 10.a4 b4 11.b3 c3 12.Nf1 h5 13.h3 Qb6 14.g4 hxg4 15.hxg4 f6 16.Bd3 fxe5
17.dxe5 Bb7 18.Bg6+ Kd8 19.Ng3 Kc7 20.Nh5 Bc5 21.Kg2 Raf8 22.Nf4 Ne7 23.a5 Qc6
24.Bd3 Kb8 25.Ng5 Rh6 26.a6 Ba8 27.Ra5 Bb6 28.Rb5 Nc5 29.f3 Nxa6 30.Qe2 Nc5
31.Kg3 Nxd3 32.Qxd3 Bb7 33.Be3 Rxf4 34.Kxf4 Ba6 35.Rxb6+ Qxb6 36.Bxb6 Bxd3
37.Bc5 Ng6+ 38.Kg3 Bxc2 39.Bxb4 Bxb3 40.Bxc3 d4 41.Ba5 Kb7 42.Nf7 Ka6 43.Ra1 Rh1
44.Ra3 Rg1+ 45.Kh3 Rb1 46.Kg3 Rg1+ 47.Kh3 Rh1+ 48.Kg3 Rg1+ 49.Kf2 Rb1 50.Nd6 Rb2+
51.Kg3 Ra2 52.Rxb3 Rxa5 53.f4 Rc5 54.Ne4 Rc1 55.Rd3 Rg1+ 56.Kf2 Rxg4 57.Rxd4 Rxf4+
58.Ke3 Rf5 59.Rd6+ Ka5 60.Rxe6 Nxe5 61.Re7 Kb6 62.Rxg7 a5 63.Nd6 Rh5 64.Nc8+ Kc6
65.Kd4 a4 66.Na7+ Kd6 67.Nc8+ Ke6 68.Re7+ Kf6 69.Rb7 Nc6+ 70.Kc3 Ke6 71.Na7 Rh3+
72.Kb2 Nd4 73.Ka2 Kd5 74.Rb4 Rh2+ 75.Rb2 Rh3 76.Nb5 Nb3 77.Rc2 Nc5 78.Nc7+ Kd6
79.Nb5+ Kd5  1/2-1/2

[Event "Open A"]
[Site "Hamburg GER"]
[Date "2005.10.04"]
[Round "4"]
[White "Chevelevitch,E"]
[Black "Potkin,V"]
[Result "1/2-1/2"]
[WhiteElo "2417"]
[BlackElo "2555"]

1.e4 e6 2.d4 d5 3.Nd2 a6 4.Ngf3 c5 5.dxc5 Bxc5 6.Bd3 Ne7 7.O-O Nbc6 8.a3 O-O
9.b4 Ba7 10.Bb2 Ng6 11.c4 dxc4 12.Nxc4 b5 13.Nce5 Ncxe5 14.Nxe5 Bb7 15.Nxg6 hxg6
16.Qe2 Qd7 17.Rad1 Rfd8 18.Bc2 Qc7 19.Rxd8+ Rxd8 20.Rd1 Rxd1+ 21.Qxd1 Qf4
22.Qe2 Qd6  1/2-1/2

[Event "5th ch-Asian"]
[Site "Hyderabad IND"]
[Date "2005.10.06"]
[Round "1"]
[White "Gopal,G"]
[Black "Reefat,S"]
[Result "1/2-1/2"]
[WhiteElo "2327"]
[BlackElo "2484"]

1.e4 e6 2.d4 d5 3.Nd2 Be7 4.Ngf3 Nf6 5.e5 Nfd7 6.Bd3 c5 7.c3 Nc6 8.O-O g5
9.h3 h5 10.g4 Qb6 11.Qa4 hxg4 12.hxg4 cxd4 13.cxd4 Nf8 14.Kg2 Qc7 15.a3 f5
16.Qc2 Bd8 17.Rh1 Rxh1 18.Kxh1 fxg4 19.Nh2 Nxd4 20.Qa4+ Nc6 21.Nxg4 Qf7 22.Qd1 Ng6
23.Nh6 Qg7 24.Qh5 Nxe5 25.Bc2 Kd7 26.b4 Nf4 27.Qh2 Ned3 28.Ba4+ Ke7 29.Nb3 Nxf2+  1/2-1/2

[Event "Lichtenrader Autumn"]
[Site "Berlin GER"]
[Date "2005.10.07"]
[Round "7"]
[White "Postler,R"]
[Black "Giemsa,S"]
[Result "1/2-1/2"]
[WhiteElo "2331"]
[BlackElo "2306"]

1.e4 e6 2.d4 d5 3.Nd2 a6 4.Ngf3 Nf6 5.exd5 exd5 6.Bd3 Nc6 7.O-O Bd6 8.Re1+ Ne7
9.c3 O-O 10.Qc2 Bd7 11.Nf1 Bb5 12.Bxb5 axb5 13.Bg5 Ne4 14.Bxe7 Bxe7 15.N1d2 Nxd2
16.Qxd2 Bd6 17.a3 f6 18.Qd3 Qd7 19.Re2 Rfe8 20.Rae1 Rxe2 21.Qxe2 Kf7 22.h3 Re8
23.Qxe8+ Qxe8 24.Rxe8 Kxe8 25.Ne1 Kd7 26.Kf1 Ke6 27.Ke2 h5 28.Nc2 Bf4 29.Ne3 f5
30.g3 Bd6 31.Nc2 Kf6 32.f4  1/2-1/2

[Event "Open A"]
[Site "Hamburg GER"]
[Date "2005.10.07"]
[Round "5"]
[White "Rozentalis,E"]
[Black "Stark,L"]
[Result "1-0"]
[WhiteElo "2585"]
[BlackElo "2342"]

1.e4 e6 2.d4 d5 3.Nd2 Nc6 4.Ngf3 Nf6 5.e5 Nd7 6.Bb5 a5 7.O-O Be7 8.c3 g5
9.Ne1 h5 10.Be2 f5 11.exf6 Nxf6 12.Nd3 Bd6 13.Nf3 g4 14.Nfe5 Nd7 15.Nxc6 bxc6
16.Bf4 Bxf4 17.Nxf4 Qf6 18.Qd2 Qf7 19.Bd3 O-O 20.Ng6 Re8 21.f3 g3 22.hxg3 Qg7
23.Rae1 Ba6 24.Bxa6 Qxg6 25.Bb7 Rad8 26.Bxc6 Rf8 27.f4 Rf6 28.Rf3 Nb6 29.Bb5 c6
30.Bd3 Qh6 31.Re5 Nd7 32.Rg5+ Kf7 33.c4 Qh8 34.f5 e5 35.cxd5 exd4 36.Qxa5 c5
37.Rg6 Qe8 38.Qc7 c4 39.Rxf6+ Kxf6 40.Qd6+ Kg7 41.f6+ Kh8  1-0

[Event "Open A"]
[Site "Hamburg GER"]
[Date "2005.10.07"]
[Round "7"]
[White "Schoenberger,P"]
[Black "Zaragatski,I"]
[Result "0-1"]
[WhiteElo "2199"]
[BlackElo "2376"]

1.e4 e6 2.d4 d5 3.Nd2 Nc6 4.Ngf3 Nf6 5.e5 Nd7 6.c3 f6 7.exf6 Qxf6 8.Bb5 Bd6
9.Nf1 O-O 10.Ng3 e5 11.dxe5 Ndxe5 12.Be2 d4 13.O-O d3 14.Bxd3 Nxf3+ 15.Qxf3 Qxf3
16.gxf3 Ne5 17.Be4 Nxf3+ 18.Kg2 Nh4+ 19.Kg1 Bh3 20.Bxb7 Rae8 21.Be3 Bxf1
22.Rxf1 a5 23.b3 Nf3+ 24.Kg2 Nxh2 25.Bd5+ Kh8 26.Rh1 Ng4 27.Ba7 Bxg3 28.Kxg3 Nf6
29.Bc4 Ne4+ 30.Kg2 Re5 31.Be3 Nxc3 32.Bd4 Rg5+ 33.Kf1 Ne4 34.Ke2 Rg2 35.Bd5 Ng3+
36.Ke1 Re8+ 37.Kd2 Ne4+ 38.Kc1 Nxf2 39.Rf1 Nd3+ 40.Kb1 Rg5 41.Be4 Rg4 42.Bxg7+ Kxg7
43.Bxd3 Rg2 44.Rh1 h5  0-1

[Event "5th ch-Asian"]
[Site "Hyderabad IND"]
[Date "2005.10.07"]
[Round "2"]
[White "Pg,Mohd Omar Ak Hira"]
[Black "Girinath,P"]
[Result "1/2-1/2"]
[WhiteElo "2194"]
[BlackElo "2392"]

1.e4 e6 2.d4 d5 3.Nd2 a6 4.Bd3 c5 5.c3 Nc6 6.Ne2 cxd4 7.cxd4 dxe4 8.Nxe4 Be7
9.O-O Nf6 10.b3 O-O 11.Bb2 Nb4 12.Nxf6+ Bxf6 13.Be4 Nd5 14.Nc3 b6 15.Qh5 g6
16.Qf3 Bb7 17.Nxd5 Bxd5 18.Bxd5 exd5 19.Rac1 Kg7 20.Rc6 Rc8 21.Rxc8 Qxc8
22.Qxd5 Qc2 23.Ba3 Rd8 24.Qb7 Qxa2 25.Be7 Bxe7 26.Qxe7 Rd5 27.Qe3 Qa3 28.Qc3 Qd6
29.Ra1 a5 30.g3 Qf6 31.Rd1 h5 32.h4 Qe6 33.Re1 Qg4 34.f4 Kf8 35.Kg2 Qd7 36.Rd1 Kg8
37.Rd2 Rb5 38.Qf3 Qd5 39.Qxd5 Rxd5 40.Kf3 Kf8 41.Ke3 Rb5 42.Rd3 Ke7 43.Rc3 Kd7
44.Kd3 Rf5 45.Rc1 f6 46.Rh1 Rd5 47.Kc4 Rf5 48.Rh2 Kd6 49.Re2 b5+ 50.Kd3 g5
51.hxg5 fxg5 52.Ke4 Rf8 53.Ra2 gxf4 54.gxf4 Re8+ 55.Kf5 Ra8 56.Ke4 a4 57.bxa4 bxa4
58.Ra3 Kc6 59.f5 Kb5 60.f6 Kb4 61.Ra1 a3 62.Kf5 Kb3 63.Kg5 Rh8 64.Kg6 a2
65.Kg7 Ra8 66.d5 Kb2 67.Rh1 a1=Q 68.Rxa1 Kxa1 69.f7 h4 70.d6 h3 71.d7 h2
72.f8=Q  1/2-1/2

[Event "Bygger'n Masters"]
[Site "Gausdal NOR"]
[Date "2005.10.08"]
[Round "8"]
[White "Vea,O"]
[Black "Richards,H"]
[Result "1-0"]
[WhiteElo "2090"]
[BlackElo "2239"]

1.e4 e6 2.d4 d5 3.Nd2 Be7 4.Bd3 c5 5.dxc5 Nf6 6.Qe2 a5 7.a4 O-O 8.Ngf3 Na6
9.e5 Nd7 10.h4 h6 11.g4 Naxc5 12.Bb5 f5 13.g5 hxg5 14.Nxg5 Bxg5 15.hxg5 g6
16.f4 Kg7 17.Rh6 Rg8 18.Qh2 Nf8 19.Ra3 Bd7 20.Rah3 Bxb5 21.axb5 Kf7 22.Nf3 a4
23.Nd4 Rg7 24.Bd2 Qc7 25.Bb4 Ncd7 26.Rc3 Qd8 27.Qd2 Rc8 28.Ba3 Nb6 29.Rxc8 Qxc8
30.Qb4 Nbd7 31.Rh8 Qe8 32.Rxf8+ Nxf8 33.Qxf8+ Qxf8 34.Bxf8 Rh7 35.Bd6 Rh4
36.Ne2 Rh2 37.Bc5 Ke8 38.Be3 Kd7 39.Kd2 Rh8 40.Nc3 Ra8 41.Bc5 Kc7 42.Kd3 b6
43.Bd6+ Kb7 44.Ne2 Kc8 45.Nd4 Kd7 46.Nc6 Rg8 47.Kc3 Rg7 48.Nd4 Rh7 49.Bb4 Rh4
50.Ne2 Rh8 51.Kd3 Rh3+ 52.Kd2 Rf3 53.Bc3 Kc8 54.Bd4 Kc7 55.Be3 Rh3 56.Nc3 Rh4
57.Kd3 a3 58.bxa3 Rh1 59.Na4 Rb1 60.Bxb6+ Kb7 61.Be3 Rxb5 62.Nc5+ Kc6 63.Nxe6 Ra5
64.Bc5 Ra8 65.Bb4 Rh8 66.Nf8 Rh3+ 67.Kd4 Rh2 68.c3 Rh1 69.Nxg6 Rd1+ 70.Ke3 Re1+
71.Kf2 Re4 72.Kf3 d4 73.cxd4 Kd5 74.Ne7+ Kxd4 75.Nxf5+ Kd3 76.g6  1-0